Les plus grosses cagnottes au ZEvent - Statistiques

Statistiques générales
  • Ce quiz a été pris 40 fois
    29 depuis la dernière actualisation
  • Le résultat moyen est 25 sur 69
Statistiques - réponses
Dons cumulés Participations Réponse % Correct
4 031 876 € 6 Domingo
95%
4 769 097 € 6 ZeratoR
95%
2 842 124 € 6 Antoine Daniel
91%
303 290 € 2 Squeezie
91%
937 868 € 4 Joueur du Grenier
86%
164 761 € 1 Michou
77%
1 319 351 € 5 Ponce
73%
1 071 818 € 4 AngleDroit
68%
321 468 € 1 Inoxtag
68%
121 444 € 1 Amine
64%
448 770 € 4 Baghera
64%
840 096 € 6 Etoiles
64%
440 383 € 3 Horty
59%
553 537 € 1 Mastu
59%
305 318 € 1 Joyca
55%
403 166 € 4 Kameto
55%
867 881 € 2 Samuel Etienne
55%
525 660 € 5 Ultia
55%
119 010 € 5 Doigby
50%
410 452 € 3 Gotaga
50%
355 572 € 5 Jiraya
50%
2 041 403 € 6 mistermv
50%
241 043 € 1 RebeuDeter
50%
351 205 € 5 Rivenzi
50%
284 074 € 3 Sardoche
50%
323 573 € 6 DFG
45%
345 382 € 6 MoMaN
45%
193 203 € 2 helydia
41%
374 082 € 4 Mynthos
41%
486 943 € 5 DamDamLive
36%
445 166 € 4 JLTomy
36%
608 043 € 6 LittleBigWhale
36%
702 169 € 6 Alphacast
32%
301 440 € 3 Locklear
32%
338 624 € 6 Solary
32%
402 050 € 1 Sylvain Lévy
32%
596 896 € 2 Clemovitch
27%
273 726 € 6 Kenny
27%
216 194 € 3 Maghla
27%
217 501 € 2 Pressea
27%
112 433 € 2 TheGreatReview
27%
331 314 € 3 AVAMind
23%
430 467 € 6 Gom4rt
23%
191 116 € 5 Trinity
23%
163 026 € 1 byilhann
18%
355 069 € 3 chowh1
18%
309 505 € 6 Gius
18%
228 730 € 1 Laink
18%
222 735 € 6 Lapi
18%
243 353 € 2 m4fgaming
18%
158 205 € 1 Nico_la
18%
206 162 € 2 Zack Nani
18%
270 940 € 3 Bob Lennon
14%
121 050 € 1 Enjoy Phoenix
14%
314 019 € 3 Jean Massiet
14%
527 177 € 3 Shisheyu
14%
152 300 € 2 Farod
9%
253 041 € 4 Jeel
9%
153 750 € 4 Lege
9%
182 613 € 2 TheGuill84
9%
231 636 € 2 Tonton
9%
400 328 € 3 Alexclick
5%
110 341 € 2 Deujna
5%
222 172 € 3 LeBouseuh
5%
172 294 € 1 Altair
0%
118 663 € 1 Blitz Stream
0%
130 453 € 2 CaMaK
0%
101 727 € 1 CrocodyleTV
0%
100 794 € 1 Shaunz
0%
Aucun quiz correspondant
Distribution des résultats
% des personnes avec chaque résultat
Percentile par nombre de réponses
Votre historique - résultats
Vous n’avez pas pris ce quiz depuis la dernière actualisation